| 000 | 00395nam a2200145Ia 4500 | ||
|---|---|---|---|
| 008 | 210210b1985 xxu||||| |||| 00| 0 eng d | ||
| 082 | _a304.6016 DESA | ||
| 100 | _aDESAI (P B) | ||
| 245 | _aannotated and classified bibliography of Indian demography. | ||
| 260 |
_aBombay. _bPopular Prakashan., _c1985 |
||
| 300 | _axii,509 | ||
| 690 | _aPopulation | ||
| 700 | _aTYAGI (R P). | ||
| 906 | _a042161 | ||
| 999 |
_c92142 _d92142 |
||